[Event "Andalucia-ch U12"]
[Site "Huelva"]
[Date "2014.04.25"]
[Round "2.2"]
[White "Guerra Rivera, Salvador"]
[Black "Martin Gonzalez, Luis Miguel"]
[Result "1-0"]
[WhiteElo "1714"]
[BlackElo "1257"]
[PlyCount "35"]
[EventDate "2014.04.25"]
[EventType "swiss"]
[EventRounds "9"]
[EventCountry "ESP"]
[SourceTitle "EXT 2024"]
[Source "ChessBase"]
[SourceDate "2023.10.10"]
[SourceVersion "1"]
[SourceVersionDate "2023.10.10"]
[SourceQuality "1"]

1. e4 e5 2. Nf3 Nc6 3. Bc4 h6 4. d4 f6 5. dxe5 Nxe5 6. Nxe5 Qe7 7. Qh5+ Kd8 8. Nf7+ Ke8 9. Nxh8+ Kd8 10. Nf7+ Ke8 11. Nd6+ Kd8 12. Qe8+ Qxe8 13. Nxe8 Kxe8 14. Bxg8 Bc5 15. 0-0 d6 16. Be3 Bxe3 17. fxe3 Bd7 18. Nc3 1-0